000
00313nam a22001217a 4500
005
20250821095119.0
008
250821b |||||||| |||| 00| 0 eng d
082
_a
005
_b
KAW-O
100
_a
Kawash (Ed.)
245
_a
Online Social Media Analysis and Visualization
650
_a
Computer Science & IT
999
_c
37055
_d
37055